Countries with Life Expectancy over 80 - Sudden Death - Statistics

General Stats
  • This quiz has been taken 121 times
  • The average score is 14 of 22
Answers on the Grid
Answers color-coded by a green-red scale on the quiz's grid according to % correct below.
Algeria
Australia
Bangladesh
Belgium
Canada
Chile
Cuba
Egypt
France
Georgia
Greece
Iceland
Iran
Israel
Italy
Jamaica
Japan
Kuwait
Lebanon
Luxembourg
Maldives
Mexico
New Zealand
Norway
Oman
Russia
Serbia
Singapore
Slovenia
Somalia
South Korea
Sweden
Taiwan
United Arab Emirates
Vanuatu
Vietnam
 
Answer Stats
Answer % Correct
Japan
88%
France
85%
Italy
84%
Australia
82%
Norway
82%
Canada
81%
Belgium
78%
Sweden
78%
Luxembourg
75%
New Zealand
75%
Iceland
74%
Singapore
74%
South Korea
74%
Greece
68%
Israel
67%
Taiwan
60%
United Arab Emirates
53%
Slovenia
52%
Chile
32%
Kuwait
30%
Oman
21%
Maldives
15%
No matching quizzes found
Score Distribution
Percent of People with Each Score
Percentile by Number Answered
Your Score History
You have not taken this quiz